| 000 | 01335cam a2200325 i 4500 | ||
|---|---|---|---|
| 001 | 1635 | ||
| 005 | 20230912102418.0 | ||
| 020 | _a9781619639577 (hardback) | ||
| 040 |
_aDLC _beng _cDLC _erda _dDLC _dFISKH |
||
| 050 | 0 | 0 |
_aPZ8.G3295 _bTu 2017 |
| 082 | 0 | 0 |
_a[Fic] _223 |
| 100 | 1 |
_aGeorge, Jessica Day, _d1976- _eauthor. |
|
| 245 | 1 | 0 |
_aSaturdays at sea / _cJessica Day George. |
| 260 |
_aNew York : _bScholastic, _c2012 |
||
| 300 |
_a228 pages ; _c22 cm |
||
| 505 | _aQ | ||
| 520 |
_a"After traveling to the seaside kingdom of Lilah's betrothed prince, Lulath, Celie and her companions are busy training griffins, enjoying wedding festivities, and finishing construction of a grand ship built from parts of the Castle. But on their maiden voyage, the Ship steers them far off course into uncharted waters"-- _cProvided by publisher. |
||
| 521 |
_a860
_bLexile |
||
| 521 |
_aQ
_bRaz-Plus |
||
| 650 | 1 | _aFairy tales. | |
| 650 | 1 |
_aCastles _vFiction. |
|
| 650 | 1 |
_aPrincesses _vFiction. |
|
| 650 | 1 |
_aOcean travel _vFiction. |
|
| 650 | 1 |
_aMagic _vFiction. |
|
| 650 | 7 |
_aJUVENILE FICTION / Fantasy & Magic. _2bisacsh |
|
| 650 | 7 |
_aJUVENILE FICTION / Action & Adventure / General. _2bisacsh |
|
| 650 | 7 |
_aJUVENILE FICTION / Family / Siblings. _2bisacsh |
|
| 906 |
_a7 _bcbc _corignew _d1 _eecip _f20 _gy-gencatlg |
||
| 942 |
_2ddc _cBK _n0 |
||
| 999 |
_c1635 _d1635 |
||